| 000 | 00566nam a2200205 a 4500 | ||
|---|---|---|---|
| 005 | 20210219153428.0 | ||
| 008 | 991125n 000 0 u | ||
| 035 | _aUPN01000098429 | ||
| 100 | _aCUMMINGS, James F. | ||
| 222 | _aTHE EDUCATIONAL FORUM | ||
| 245 | _aSchool budgets and economic scarcity | ||
| 300 | _a219-223 | ||
| 362 | _a1969 Vol. 33, no. 2 jan. | ||
| 653 | 0 | _aDESARROLLO SOCIAL | |
| 653 | 0 | _aESTADOS UNIDOS DE AMÉRICA | |
| 653 | 0 | _aPRESUPUESTO EDUCATIVO | |
| 700 | _aRINEHART, James, coaut. | ||
| 904 |
_aAC _b036240 |
||
| 905 | _aArticulo | ||
| 999 |
_c76565 _d76565 |
||